| 000 | 00000nas 2200000za 4500 |
| 001 | 9.864513 |
| 003 | CaOODSP |
| 005 | 20221107161549 |
| 007 | cr ||||||||||| |
| 008 | 181109d19491959oncar p oss f000#b0fre| |
| 022 | # |y0318-255X |
| 040 | |aCaOODSP|bfre |
| 041 | |aeng|afre |
| 043 | |an-cn--- |
| 086 | 1 |aCS35-207-PDF |
| 245 | 04|aThe miscellaneous wood-using industries |h[ressource électronique] / |cprepared in the Forestry Section of the Industry and Merchandising Division, Dominion Bureau of Statistics ... = Les industries diverses utilisant le bois / préparé dans la Section des forêts de la Division de l'industrie et du commerce, Bureau fédéral de la statistique, ... |
| 246 | 11|aIndustries diverses utilisant le bois |
| 260 | |aOttawa : |bDominion Bureau of Statistics = Bureau fédéral de la statistique, |c1952-1961. |
| 300 | |a11 v. |
| 310 | |aAnnuel |
| 362 | 0 |a1949-1959. |
| 500 | |aTitre parallèle : Les industries diverses utilisant le bois. |
| 500 | |aÉdition numérisée de l’imprimé [par Statistique Canada] |
| 515 | |aLes livr. de 1949-1950 également num. v. 2, pt. 9-G-1; 1951-1953, également num. v. 2 , pt. 8-G-1; 1954-1957, également num. v. 2, pt. 10-G-1. |
| 546 | |aTexte en anglais et en français. |
| 550 | |aPublié 1957-1959 par la Division de l'industrie et du commerce. |
| 580 | |aScindé en : Miscellaneous wood industries (Final); Wooden box factories (Final); Coffin and casket industry (Statistics Canada : Final); et, Venetian blind manufacturers. |
| 692 | 07|2gccst|aIndustrie du bois |
| 710 | 1 |aCanada. |bBureau fédéral de la statistique. |bSection des forêts. |
| 710 | 1 |aCanada. |bBureau fédéral de la statistique. |bDivision de l'industrie et du commerce. |
| 785 | 00|tMiscellaneous wood industries |w(CaOODSP)9.864497 |
| 785 | 00|tWooden box factories |w(CaOODSP)9.864551 |
| 785 | 00|tCoffin and casket industry |w(CaOODSP)9.864559 |
| 791 | |tThe miscellaneous wood-using industries |eeng|w(CaOODSP)9.864509 |